| 000 | 00586nam a22001817a 4500 | ||
|---|---|---|---|
| 005 | 20251108173308.0 | ||
| 008 | 250721s2005 xx 000 0 ara d | ||
| 082 | 1 | 4 | _a371.912/حلت |
| 100 | 1 |
_aأبو حلتم، سعيد _eمؤلف |
|
| 245 | 1 | 0 | _aمهارات السمع و التخاطب و النطق المبكرة / |
| 264 | 1 |
_aعمان : _bدار أسامة للنشر و التوزيع، _c2005. |
|
| 300 | _a200ص. | ||
| 650 | 1 | 7 | _aالتربية الخاصة |
| 650 | 1 | 7 | _aالطلاب المعوقين |
| 650 | 1 | 7 | _aالصمم |
| 942 |
_2ddc _cBK |
||
| 999 |
_c100605 _d100605 |
||